Aquí donde yo (Record no. 645020)

000 -CABECERA
Campo de control de longitud fija 00372nab a2200133Ia 4500
003 - IDENTIFICADOR DEL NÚMERO DE CONTROL
Campo de control ES-SlBCS
005 - FECHA Y HORA DE LA ÚLTIMA TRANSACCIÓN
Campo de control 20210601140451.0
008 - CÓDIGOS DE INFORMACIÓN DE LONGITUD FIJA
Campo de control de longitud fija 140529s2004 xxu||||| |||| 00| 0 spa d
041 ## - CÓDIGO DE LENGUA
Código de lengua del texto/banda sonora o título independiente spa
100 1# - PUNTO DE ACCESO PRINCIPAL-NOMBRE DE PERSONA
Nombre de persona Priede, Jaime
9 (RLIN) 244889
245 00 - MENCIÓN DE TÍTULO
Título Aquí donde yo
Mención de responsabilidad, etc. Jaime Priede
773 0# - ENLACE AL DOCUMENTO FUENTE
Título Cuadernos Hispanoamericanos
Parte(s) relacionada(s) nº. 653-654, 2004, págs. 279-282
Número de control del registro relacionado Rev1135
942 ## - ENTRADA DE ELEMENTOS AGREGADOS (KOHA)
Koha [por defecto] tipo de item Artículos de revista
Holdings
Suprimido Perdido Estropeado No para préstamo Localización permanente Localización actual Localización en estantería Fecha adquisición Préstamos totales Fecha última consulta Fecha del precio de reemplazo Tipo de item de Koha
        San Esteban San Esteban Depósito de revistas 11/07/2014   11/07/2014 11/07/2014 Artículos de revista

Bibliotecas Dominicos Provincia Hispania, 2016

Con tecnología Koha